00362 a2200157 4500003000500000005001700005020001700022040000900039082001200048100001700060245003700077250000800114260003800122300000900160650003500169Nust20230221162354.0 a81-242-009-9 cNust a603,GRA aE. C. Graham aEncyclopedia of scientific terms av-1 aNew DelhibCrest publishingc1997 a290p aEncyclopedian scientific terms